000 00392pam a2200157 a 4500
020 _a0340760966
_c
041 _h
082 _a618
_bCAM
100 _aCAMPBELL, S .
245 _aGYNAECOLOGY BY TEN TEACHERS /
_cNULL.
_hTextual Documents
250 _a7 ED/
_b.
260 _aNULL :
_bELST WITH ARNOLD ,
_c2000.
300 _a280 : :
_bVI ; ;
_cA4.
930 _a62
999 _c794601
_d794601
650 _aOBST.GYNE